MARC details
| 000 -CABECERA |
| campo de control de longitud fija |
01956nam a2200373 i 4500 |
| 001 - NÚMERO DE CONTROL |
| campo de control |
000039512 |
| 003 - IDENTIFICADOR DEL NÚMERO DE CONTROL |
| campo de control |
DO-SdBNP |
| 005 - FECHA Y HORA DE LA ÚLTIMA TRANSACCIÓN |
| campo de control |
20250616110631.0 |
| 007 - CAMPO FIJO DE DESCRIPCIÓN FÍSICA--INFORMACIÓN GENERAL |
| campo de control de longitud fija |
ta |
| 008 - DATOS DE LONGITUD FIJA--INFORMACIÓN GENERAL |
| campo de control de longitud fija |
130705s2006 dr 001 0 spa d |
| 040 ## - FUENTE DE LA CATALOGACIÓN |
| Centro catalogador/agencia de origen |
DO-SdBNP |
| Lengua de catalogación |
spa |
| Centro/agencia transcriptor |
BNPHU |
| Normas de descripción |
rda |
| 049 ## - FONDOS LOCALES (OCLC) |
| Fondos de biblioteca |
BNPD |
| 082 #4 - NÚMERO DE LA CLASIFICACIÓN DECIMAL DEWEY |
| Número de clasificación |
343.729304 |
| Número de documento/Ítem |
R426c, 2006 |
| Número de edición |
22 |
| 110 1# - ENTRADA PRINCIPAL--NOMBRE DE ENTIDAD CORPORATIVA |
| Nombre de entidad corporativa o nombre de jurisdicción como elemento de entrada |
República Dominicana. |
| 9 (RLIN) |
447 |
| 240 10 - TÍTULO UNIFORME |
| Título uniforme |
[Leyes, etc.] |
| 245 10 - MENCIÓN DE TÍTULO |
| Título |
Código tributario de la República Dominicana : |
| Resto del título |
instituido por la ley 11-92 del 16 de Mayo de 1992 / |
| Mención de responsabilidad, etc. |
compilado por, Máximo A. Díaz. |
| 264 #1 - PRODUCCIÓN, PUBLICACIÓN, DISTRIBUCIÓN, FABRICACIÓN Y COPYRIGHT |
| Producción, publicación, distribución, fabricación y copyright |
Santo Domingo : |
| Nombre del de productor, editor, distribuidor, fabricante |
Editor no identificado, |
| Fecha de producción, publicación, distribución, fabricación o copyright |
2006. |
| 300 ## - DESCRIPCIÓN FÍSICA |
| Extensión |
102 páginas ; |
| Dimensiones |
21 cm. |
| 336 ## - TIPO DE CONTENIDO |
| Término de tipo de contenido |
texto |
| Código de tipo de contenido |
txt |
| Fuente |
rdacontent |
| 337 ## - TIPO DE MEDIO |
| Nombre/término del tipo de medio |
sin mediación |
| Código del tipo de medio |
n |
| Fuente |
rdamedia |
| 338 ## - TIPO DE SOPORTE |
| Nombre/término del tipo de soporte |
volumen |
| Código del tipo de soporte |
nc |
| Fuente |
rdacarrier |
| 500 ## - NOTA GENERAL |
| Nota general |
Versión actualizada por la ley no. 557-05 del 29 del 13 de diciembre del 2005. |
| 505 0# - NOTA DE CONTENIDO CON FORMATO |
| Nota de contenido con formato |
Reglamentos -- |
| Título |
No. 139-98 para la aplicación del título II del Código Tributario de la República Dominicana del impuesto sobre la transferencias de bienes industrializados y servicios -ITBS -- |
| -- |
No. 140-98 para la aplicación del título II del Código Tributario de la República Dominicana del impuesto sobre la transferencia de bienes industrializados y servicios (ITBIS) -- |
| -- |
No. 79-03 para la aplicación del título IV del Código Tributario de la República Dominicana del impuesto selectivo al consumo. |
| 590 ## - NOTA LOCAL (RLIN) |
| Nota local |
Inventariado, 2018/VM |
| 650 #4 - PUNTO DE ACCESO ADICIONAL DE MATERIA--TÉRMINO DE MATERIA |
| Término de materia o nombre geográfico como elemento de entrada |
Ley 11-92 |
| Subdivisión geográfica |
Republica Dominicana |
| 9 (RLIN) |
55494 |
| 650 #4 - PUNTO DE ACCESO ADICIONAL DE MATERIA--TÉRMINO DE MATERIA |
| Término de materia o nombre geográfico como elemento de entrada |
Ley 557-05 |
| Subdivisión geográfica |
Republica Dominicana |
| 9 (RLIN) |
65693 |
| 650 #4 - PUNTO DE ACCESO ADICIONAL DE MATERIA--TÉRMINO DE MATERIA |
| Término de materia o nombre geográfico como elemento de entrada |
Impuestos |
| Subdivisión general |
Legislacion |
| Subdivisión geográfica |
República Dominicana |
| 9 (RLIN) |
55495 |
| 650 #4 - PUNTO DE ACCESO ADICIONAL DE MATERIA--TÉRMINO DE MATERIA |
| Término de materia o nombre geográfico como elemento de entrada |
Impuestos |
| Subdivisión general |
Administración y procesamiento |
| 9 (RLIN) |
14513 |
| 650 #4 - PUNTO DE ACCESO ADICIONAL DE MATERIA--TÉRMINO DE MATERIA |
| Término de materia o nombre geográfico como elemento de entrada |
Impuestos sobre la renta |
| Subdivisión general |
Legislacion |
| Subdivisión geográfica |
República Dominicana |
| 9 (RLIN) |
9399 |
| 650 #4 - PUNTO DE ACCESO ADICIONAL DE MATERIA--TÉRMINO DE MATERIA |
| Término de materia o nombre geográfico como elemento de entrada |
Derecho fiscal |
| Subdivisión general |
Legislacion |
| Subdivisión geográfica |
Republica Dominicana |
| 9 (RLIN) |
9397 |
| 700 1# - PUNTO DE ACCESO ADICIONAL--NOMBRE DE PERSONA |
| Nombre de persona |
Díaz, Máximo A., |
| Término indicativo de función/relación |
compilador |
| Código de función/relación |
comp. |
| 9 (RLIN) |
65694 |
| 910 ## - DATOS DE OPCIÓN DEL USUARIO (OCLC) |
| Datos de opción del usuario |
Validado. Control de calidad EMS |
| 942 ## - ELEMENTOS DE PUNTO DE ACCESO ADICIONAL (KOHA) |
| Fuente del sistema de clasificación o colocación |
Dewey Decimal Classification |
| Tipo de ítem Koha |
Libro |